[Event " HL Men's 64. RUS Chmp. 2011"]
[Site "Taganrog"]
[Date "2011.06.15"]
[Round "1"]
[Board "1"]
[White "Sakaev, Konstantin"]
[Black "Bryzgalin, Kirill"]
[Result "1/2-1/2"]
[WhiteElo "2629"]
[BlackElo "2473"]
[PlyCount "100"]
[EventDate "2011.06.15"]
[EventRounds "11"]
[EventCountry "RUS"]

1.d4 d5 2.c4 c6 3.Nf3 Nf6 4.Nc3 a6 5.e3 Bf5 6.Bd3 Bxd3 7.Qxd3 e6 8.O-O Be7 9.e4
dxe4 10.Nxe4 Nbd7 11.Bf4 Nxe4 12.Qxe4 O-O 13.Rfd1 Re8 14.Rd3 Rc8 15.Qe2 Qa5
16.Bd2 Qf5 17.h3 h6 18.Rd1 Red8 19.Bc1 b5 20.c5 Qd5 21.a3 f6 22.Nh2 Nf8 23.Nf1
Rd7 24.Ng3 Rcd8 25.Nh5 g5 26.h4 Qf5 27.hxg5 hxg5 28.Ng3 Qg6 29.Ne4 Qf5 30.Ng3
Qg6 31.Ne4 Qf5 32.b4 Qg6 33.Bb2 f5 34.Ng3 Rd5 35.Bc1 Bf6 36.Bb2 Kf7 37.Nf1 g4
38.Ne3 R5d7 39.a4 Qh5 40.Nf1 Ng6 41.Ng3 Qh4 42.d5 cxd5 43.Bxf6 Qxf6 44.axb5 axb5
45.Ra3 Rh8 46.f3 gxf3 47.Rxf3 Ne5 48.Rf4 Ng6 49.Rf3 Ne5 50.Rf4 Ng6 1/2-1/2

[Event " HL Men's 64. RUS Chmp. 2011"]
[Site "Taganrog"]
[Date "2011.06.19"]
[Round "5"]
[Board "1"]
[White "Sek, Konstantin"]
[Black "Zakhartsov, Viacheslav V"]
[Result "1-0"]
[WhiteElo "2432"]
[BlackElo "2578"]
[PlyCount "55"]
[EventDate "2011.06.15"]
[EventRounds "11"]
[EventCountry "RUS"]

1.e4 c5 2.Nf3 d6 3.d4 cxd4 4.Nxd4 Nf6 5.Nc3 a6 6.h3 e6 7.g4 b5 8.Bg2 Bb7 9.O-O
Nfd7 10.Re1 g5 11.a4 bxa4 12.Rxa4 Be7 13.Rb4 Qc7 14.Nf5 exf5 15.Rxb7 Qxb7
16.exf5 Nc6 17.Qxd6 O-O-O 18.Rxe7 Nde5 19.Rxb7 Rxd6 20.Rb6 f6 21.Rxa6 Rhd8
22.Be3 Ne7 23.Ra7 N5c6 24.Ra4 h5 25.b4 hxg4 26.hxg4 Ne5 27.Bc5 Nxg4 28.Ra8+ 1-0

[Event " HL Men's 64. RUS Chmp. 2011"]
[Site "Taganrog"]
[Date "2011.06.19"]
[Round "5"]
[Board "1"]
[White "Shomoev, Anton"]
[Black "Mikhailov, Sergey"]
[Result "1-0"]
[WhiteElo "2566"]
[BlackElo "2399"]
[PlyCount "141"]
[EventDate "2011.06.15"]
[EventRounds "11"]
[EventCountry "RUS"]

1.d4 d5 2.c4 e6 3.Nc3 Nf6 4.cxd5 exd5 5.Bg5 c6 6.Qc2 Bg4 7.e3 Be7 8.Nge2 Bxe2
9.Bxe2 Ne4 10.Bf4 Nxc3 11.bxc3 Nd7 12.O-O O-O 13.c4 dxc4 14.Bxc4 Nb6 15.Bd3 h6
16.Bg3 Bh4 17.Rab1 Bxg3 18.hxg3 Rc8 19.Qc5 Rc7 20.Rfc1 Re8 21.Rb3 Rd7 22.Rcb1
Rd5 23.Qa3 Qb8 24.Be2 Red8 25.Bf3 Rg5 26.Qc1 Rd7 27.Qc3 Qd6 28.Qc2 Ra5 29.Rc3
Qe7 30.Qd2 Qg5 31.Rc2 Ra4 32.Bd1 Qa5 33.Qe2 Rb4 34.Rbc1 Qb5 35.Qg4 Rb1 36.Qe4
Rxc1 37.Rxc1 Qg5 38.Qe8+ Kh7 39.Bb3 Re7 40.Qd8 Rd7 41.Qb8 a6 42.Bc2+ g6 43.Rb1
Qa5 44.Qe8 Rc7 45.Qd8 Nd5 46.Bb3 Kg7 47.Rc1 Nf6 48.a4 Qd2 49.Rd1 Qa5 50.Rc1 Qd2
51.Rd1 Qa5 52.Bc2 b5 53.e4 Qb6 54.axb5 cxb5 55.Bd3 Rc6 56.Qxb6 Rxb6 57.Kf1 Rc6
58.Ke2 Kf8 59.d5 Rc5 60.Ra1 Nd7 61.Rxa6 Ke7 62.Ra7 Kd6 63.Rb7 f5 64.Bxb5 Nf6
65.Rb6+ Ke7 66.d6+ Ke6 67.d7+ Ke7 68.Rxf6 Rxb5 69.Rxg6 fxe4 70.Rxh6 Kxd7 71.Ke3 1-0

[Event " HL Men's 64. RUS Chmp. 2011"]
[Site "Taganrog"]
[Date "2011.06.19"]
[Round "5"]
[Board "1"]
[White "Musalov, Ruslan"]
[Black "Shukh, Nikolai"]
[Result "1-0"]
[WhiteElo "2399"]
[BlackElo "2438"]
[PlyCount "155"]
[EventDate "2011.06.15"]
[EventRounds "11"]
[EventCountry "RUS"]

1.e4 e5 2.Nf3 Nc6 3.Bb5 a6 4.Bxc6 dxc6 5.d4 exd4 6.Qxd4 Qxd4 7.Nxd4 Bd7 8.Be3
O-O-O 9.Nd2 Ne7 10.O-O-O Ng6 11.Nf5 Bxf5 12.exf5 Ne7 13.g4 Nd5 14.Rhe1 Bd6
15.Ne4 Bxh2 16.Ng5 Nxe3 17.fxe3 Bg3 18.Nxf7 Rxd1+ 19.Rxd1 Re8 20.Rh1 h6 21.Kd2
Re7 22.Rh3 Bd6 23.Nxd6+ cxd6 24.f6 gxf6 25.Rxh6 Rf7 26.Kd3 d5 27.Rg6 Kd7 28.c4
dxc4+ 29.Kxc4 f5 30.g5 f4 31.exf4 Rxf4+ 32.Kc5 Rf5+ 33.Kc4 Rf4+ 34.Kc5 Rf5+
35.Kd4 Rf2 36.Rg7+ Kc8 37.g6 Rg2 38.Ke5 Kb8 39.a4 Rxb2 40.Rf7 Re2+ 41.Kf6 Rf2+
42.Ke7 Rg2 43.g7 Kc7 44.Kf8+ Kb6 45.g8=Q Rxg8+ 46.Kxg8 c5 47.Rf4 Ka5 48.Kf7 c4
49.Ke6 Kxa4 50.Rxc4+ Kb3 51.Rc7 b5 52.Kd5 a5 53.Rh7 a4 54.Rh3+ Kb2 55.Rh2+ Kb3
56.Rh3+ Kb2 57.Kc5 a3 58.Kb4 a2 59.Rh2+ Kb1 60.Rh1+ Kb2 61.Rh2+ Kb1 62.Kb3 a1=N+
63.Kc3 b4+ 64.Kxb4 Nc2+ 65.Kc3 Ne3 66.Kd3 Nd5 67.Rf2 Nb4+ 68.Kc4 Na2 69.Kb3 Nc1+
70.Ka3 Nd3 71.Rd2 Nc1 72.Rb2+ Ka1 73.Rb8 Na2 74.Kb3 Kb1 75.Rb7 Nc1+ 76.Kc3+ Ka1
77.Kc2 Na2 78.Rb1# 1-0

[Event " HL Men's 64. RUS Chmp. 2011"]
[Site "Taganrog"]
[Date "2011.06.19"]
[Round "5"]
[Board "1"]
[White "Balashov, Yuri S"]
[Black "Mokshanov, Alexey"]
[Result "1/2-1/2"]
[WhiteElo "2426"]
[BlackElo "2393"]
[PlyCount "97"]
[EventDate "2011.06.15"]
[EventRounds "11"]
[EventCountry "RUS"]

1.e4 e6 2.d3 d5 3.Nd2 Nf6 4.Ngf3 c5 5.g3 Nc6 6.Bg2 Be7 7.O-O b6 8.Re1 Bb7 9.c3
Qc7 10.a3 O-O-O 11.b4 dxe4 12.dxe4 Ng4 13.Qa4 Nge5 14.Nxe5 Qxe5 15.Qc2 Qc7
16.Nf3 Kb8 17.Be3 Ka8 18.bxc5 Bxc5 19.Bxc5 bxc5 20.Rab1 Na5 21.e5 Bc6 22.Ng5
Bxg2 23.Kxg2 Qc6+ 24.Kg1 Rd7 25.Red1 h6 26.Rxd7 Qxd7 27.Ne4 Nb7 28.c4 Rd8 29.Nc3
Qc6 30.h4 g6 31.Re1 Qd7 32.Rd1 Qc7 33.Re1 Qd7 34.Rd1 Qc7 35.Rxd8+ Qxd8 36.Qe4
Qd7 37.Qf3 a6 38.Ne4 Ka7 39.Qe3 Kb6 40.Qxh6 Qd4 41.Ng5 Qxe5 42.Nxf7 Qe1+ 43.Kg2
Qe4+ 44.Kh2 Na5 45.h5 gxh5 46.Nd6 Qg4 47.Qe3 h4 48.Ne4 hxg3+ 49.fxg3 1/2-1/2

[Event " HL Men's 64. RUS Chmp. 2011"]
[Site "Taganrog"]
[Date "2011.06.20"]
[Round "6"]
[Board "1"]
[White "Najer, Evgeniy"]
[Black "Sjugirov, Sanan"]
[Result "0-1"]
[WhiteElo "2643"]
[BlackElo "2629"]
[PlyCount "82"]
[EventDate "2011.06.15"]
[EventRounds "11"]
[EventCountry "RUS"]

1.e4 c5 2.Nf3 d6 3.d4 cxd4 4.Nxd4 Nf6 5.Nc3 a6 6.Be3 e5 7.Nf3 Qc7 8.a4 Be7 9.Be2
O-O 10.O-O b6 11.Qd3 Nc6 12.Nd5 Nxd5 13.exd5 Nb8 14.Ng5 g6 15.a5 b5 16.Rfc1 Nd7
17.b4 Bb7 18.c4 bxc4 19.Rxc4 Qd8 20.Qd2 Nf6 21.Bb6 Qe8 22.Bf3 Rc8 23.Rxc8 Qxc8
24.h3 Qa8 25.Rd1 Rc8 26.Qd3 Nd7 27.Be3 f5 28.Qe2 e4 29.Nxe4 fxe4 30.Bg4 Rc7
31.Be6+ Kg7 32.Qd2 Ne5 33.Kh1 Bc8 34.Bh6+ Kh8 35.Re1 Bxe6 36.dxe6 Kg8 37.Qd4 Qb7
38.Qxe4 Qxe4 39.Rxe4 Rc4 40.f3 Rxe4 41.fxe4 Nc6 0-1

[Event " HL Men's 64. RUS Chmp. 2011"]
[Site "Taganrog"]
[Date "2011.06.20"]
[Round "6"]
[Board "1"]
[White "Alekseev, Evgeny"]
[Black "Kurnosov, Igor"]
[Result "1/2-1/2"]
[WhiteElo "2673"]
[BlackElo "2633"]
[PlyCount "81"]
[EventDate "2011.06.15"]
[EventRounds "11"]
[EventCountry "RUS"]

1.Nf3 Nf6 2.c4 g6 3.Nc3 d5 4.cxd5 Nxd5 5.Qc2 Nc6 6.d4 Ndb4 7.Qa4 Bd7 8.Qd1 e5
9.a3 exd4 10.axb4 dxc3 11.bxc3 Bg7 12.Bd2 O-O 13.e3 Bg4 14.Be2 Qd6 15.b5 Bxf3
16.gxf3 Ne5 17.Qc2 c6 18.f4 Nd7 19.O-O cxb5 20.Bxb5 Nc5 21.Rfb1 Rfc8 22.Bf1 Rc7
23.Be1 b6 24.Rd1 Qe7 25.Bg2 Rd8 26.Rd5 Rxd5 27.Bxd5 Qd7 28.Rd1 Qg4+ 29.Kh1 Rd7
30.c4 Bf6 31.Bb4 Kg7 32.Rg1 Qh5 33.f5 Kf8 34.fxg6 hxg6 35.Qd1 Qxd1 36.Rxd1 a5
37.Ba3 Be7 38.Rb1 Nd3 39.Bxe7+ Kxe7 40.Rxb6 Nxf2+ 41.Kg1 1/2-1/2

[Event " HL Men's 64. RUS Chmp. 2011"]
[Site "Taganrog"]
[Date "2011.06.20"]
[Round "6"]
[Board "1"]
[White "Timofeev, Artyom"]
[Black "Savchenko, Boris"]
[Result "1-0"]
[WhiteElo "2665"]
[BlackElo "2630"]
[PlyCount "131"]
[EventDate "2011.06.15"]
[EventRounds "11"]
[EventCountry "RUS"]

1.e4 c5 2.Nf3 d6 3.d4 cxd4 4.Nxd4 Nf6 5.Nc3 Nc6 6.Bg5 e6 7.Qd2 Be7 8.O-O-O O-O
9.f4 h6 10.Bh4 Nxd4 11.Qxd4 a6 12.Bc4 b5 13.Bb3 Bb7 14.Rhe1 Qc7 15.f5 b4 16.Qxb4
d5 17.Bg3 Bxb4 18.Bxc7 Nxe4 19.Nxe4 Bxe1 20.Nd6 Bb4 21.Nxb7 Ra7 22.fxe6 Rxb7
23.exf7+ Kh8 24.Bg3 Rbxf7 25.Bxd5 Rf1 26.c3 Be7 27.Rxf1 Rxf1+ 28.Kc2 h5 29.a4 h4
30.Bc7 Rf2+ 31.Kb3 Bg5 32.Bb6 Rd2 33.Bb7 h3 34.gxh3 Rxh2 35.Bxa6 Bc1 36.a5 Rxb2+
37.Kc4 Bd2 38.Bb7 Kh7 39.Bd5 Kh6 40.Bc7 Rb1 41.Bb6 Rc1 42.Bd4 Ra1 43.Kb5 Rb1+
44.Ka6 Ra1 45.Kb5 Rb1+ 46.Ka4 Ra1+ 47.Kb4 g5 48.Bc4 Rb1+ 49.Bb3 Ra1 50.Bc2 Bf4
51.Kb5 Bd2 52.Bd3 Kh5 53.a6 Kh4 54.c4 Ra5+ 55.Kb6 Kxh3 56.a7 Ra4 57.c5 g4 58.Ba6
Rxd4 59.a8=Q Be3 60.Qh1+ Kg3 61.Qe1+ Bf2 62.Qe5+ Kg2 63.Bb7+ Kg1 64.Kb5 g3 65.c6
Rd1 66.Qe4 1-0

[Event " HL Men's 64. RUS Chmp. 2011"]
[Site "Taganrog"]
[Date "2011.06.20"]
[Round "6"]
[Board "1"]
[White "Khismatullin, Denis"]
[Black "Volkov, Sergey"]
[Result "1/2-1/2"]
[WhiteElo "2656"]
[BlackElo "2615"]
[PlyCount "81"]
[EventDate "2011.06.15"]
[EventRounds "11"]
[EventCountry "RUS"]

1.d4 d5 2.c4 c6 3.Nc3 Nf6 4.e3 a6 5.Qc2 g6 6.Bd3 Bg7 7.Nf3 Bg4 8.Ne5 Be6 9.c5
Nbd7 10.Nxd7 Qxd7 11.Na4 Rb8 12.Bd2 Bf5 13.Bxf5 Qxf5 14.Qxf5 gxf5 15.Ke2 h5
16.Rad1 h4 17.Ba5 Kd7 18.Rd3 Rh6 19.Rb3 Rg6 20.Rg1 Bh6 21.Nb6+ Ke6 22.Na4 Kd7
23.Nb6+ Ke6 24.g3 Ne4 25.Na4 Kd7 26.f3 Nf6 27.Kf2 hxg3+ 28.hxg3 Bg7 29.Nc3 Rh6
30.Kg2 Nh7 31.Rh1 Rxh1 32.Kxh1 Ng5 33.Kg2 e6 34.Ne2 Bf6 35.Nf4 Bd8 36.Bb6 Bc7
37.Nd3 f6 38.Bxc7 Kxc7 39.Rc3 Rh8 40.Rc1 Kd7 41.Rc3 1/2-1/2

[Event " HL Men's 64. RUS Chmp. 2011"]
[Site "Taganrog"]
[Date "2011.06.20"]
[Round "6"]
[Board "1"]
[White "Inarkiev, Ernesto"]
[Black "Galkin, Alexander"]
[Result "1/2-1/2"]
[WhiteElo "2679"]
[BlackElo "2598"]
[PlyCount "57"]
[EventDate "2011.06.15"]
[EventRounds "11"]
[EventCountry "RUS"]

1.e4 c6 2.d4 d5 3.e5 Bf5 4.Nf3 e6 5.Be2 Be7 6.Nbd2 Nh6 7.Nb3 O-O 8.Bxh6 gxh6
9.Bd3 Bg6 10.Qd2 Kg7 11.h4 Nd7 12.O-O-O a5 13.Kb1 a4 14.Nc1 a3 15.b3 Qa5 16.Qxa5
Rxa5 17.h5 Bxd3 18.Nxd3 b6 19.Rc1 c5 20.c4 dxc4 21.Rxc4 Rd8 22.Rd1 Nb8 23.dxc5
bxc5 24.Nfe1 Nc6 25.f4 Ra7 26.Rdc1 Nd4 27.Rd1 Nc6 28.Rdc1 Nd4 29.Rd1 1/2-1/2

[Event " HL Men's 64. RUS Chmp. 2011"]
[Site "Taganrog"]
[Date "2011.06.20"]
[Round "6"]
[Board "1"]
[White "Khairullin, Ildar"]
[Black "Lintchevski, Daniil"]
[Result "1/2-1/2"]
[WhiteElo "2649"]
[BlackElo "2543"]
[PlyCount "58"]
[EventDate "2011.06.15"]
[EventRounds "11"]
[EventCountry "RUS"]

1.d4 d5 2.c4 dxc4 3.Nf3 a6 4.e3 e6 5.Bxc4 Nf6 6.O-O c5 7.dxc5 Bxc5 8.Qe2 Nc6
9.a3 Bd6 10.Rd1 Qc7 11.Nbd2 O-O 12.b4 b5 13.Bd3 Ne5 14.Bb2 Nxd3 15.Qxd3 Rd8
16.Qe2 Bb7 17.Rac1 Qe7 18.Nb3 Rac8 19.Na5 Rxc1 20.Rxc1 Rc8 21.Rxc8+ Bxc8 22.e4
Bc7 23.Qc2 Bxa5 24.Qxc8+ Qd8 25.Qc2 Bb6 26.h3 Qc7 27.Qd3 Qd8 28.Qc2 Qc7 29.Qd3
Qd8 1/2-1/2

[Event " HL Men's 64. RUS Chmp. 2011"]
[Site "Taganrog"]
[Date "2011.06.20"]
[Round "6"]
[Board "1"]
[White "Grigoriants, Sergey"]
[Black "Sakaev, Konstantin"]
[Result "0-1"]
[WhiteElo "2562"]
[BlackElo "2629"]
[PlyCount "76"]
[EventDate "2011.06.15"]
[EventRounds "11"]
[EventCountry "RUS"]

1.Nf3 Nf6 2.c4 e6 3.Nc3 d5 4.d4 c6 5.Bg5 h6 6.Bxf6 Qxf6 7.e3 g6 8.Bd3 Bg7 9.O-O
O-O 10.Rc1 Qe7 11.a3 dxc4 12.Bxc4 Rd8 13.Qe2 b6 14.Rfd1 Bb7 15.e4 Nd7 16.Qe3
Rac8 17.h3 Nf6 18.e5 Nd5 19.Nxd5 exd5 20.Bd3 c5 21.Re1 Rc6 22.Qf4 Bc8 23.Qg3 c4
24.Bb1 b5 25.Re3 b4 26.Nh4 bxa3 27.Rxa3 Rb6 28.Rc2 g5 29.Nf3 Bf5 30.Ra5 c3
31.Rxc3 Bxb1 32.h4 Rg6 33.hxg5 hxg5 34.Rac5 Bf5 35.Nd2 Be6 36.Nf1 g4 37.Ne3 Bh6
38.Rc7 Qb4 0-1

[Event " HL Men's 64. RUS Chmp. 2011"]
[Site "Taganrog"]
[Date "2011.06.20"]
[Round "6"]
[Board "1"]
[White "Bukavshin, Ivan"]
[Black "Chadaev, Nikolai"]
[Result "1-0"]
[WhiteElo "2502"]
[BlackElo "2577"]
[PlyCount "79"]
[EventDate "2011.06.15"]
[EventRounds "11"]
[EventCountry "RUS"]

1.Nf3 g6 2.c4 c5 3.g3 Bg7 4.Bg2 Nc6 5.Nc3 e6 6.d4 cxd4 7.Nb5 d5 8.cxd5 Qa5+
9.Qd2 Qxb5 10.dxc6 Qb6 11.b3 Ne7 12.Ba3 Nxc6 13.O-O h6 14.Qc1 e5 15.Nd2 Be6
16.Nc4 Bxc4 17.bxc4 Bf8 18.Rb1 Qc7 19.f4 Bxa3 20.Qxa3 exf4 21.Rxf4 f5 22.Qc5
O-O-O 23.Bxc6 Qxc6 24.Qxa7 Rhe8 25.Rb6 Qc7 26.Rb5 b6 27.Qa8+ Kd7 28.Qa6 Rxe2
29.Rxb6 d3 30.Rb7 Qxb7 31.Qxb7+ Ke8 32.Rf1 d2 33.Qb1 Kf7 34.c5 Rde8 35.Qd3 R8e3
36.Qd7+ Re7 37.Qd5+ Kg7 38.c6 h5 39.Qc4 Kh7 40.c7 1-0

[Event " HL Men's 64. RUS Chmp. 2011"]
[Site "Taganrog"]
[Date "2011.06.20"]
[Round "6"]
[Board "1"]
[White "Fedoseev, Vladimir"]
[Black "Shomoev, Anton"]
[Result "1-0"]
[WhiteElo "2506"]
[BlackElo "2566"]
[PlyCount "91"]
[EventDate "2011.06.15"]
[EventRounds "11"]
[EventCountry "RUS"]

1.d4 Nf6 2.c4 e6 3.Nf3 b6 4.g3 Bb4+ 5.Nc3 Ba6 6.Qb3 c5 7.a3 Ba5 8.Bg2 Nc6 9.O-O
O-O 10.d5 exd5 11.Nxd5 Nxd5 12.cxd5 Ne7 13.Qc2 Rc8 14.Ne5 d6 15.Nc6 Nxc6 16.dxc6
Bb5 17.b4 cxb4 18.Qb3 Qf6 19.Bb2 Bc4 20.Qxc4 Qxb2 21.axb4 Qxb4 22.Qxb4 Bxb4
23.Rxa7 Rfe8 24.Bh3 Rxc6 25.Bd7 Rcc8 26.Bxe8 Rxe8 27.Rb7 Bc5 28.Ra1 g6 29.e3 Re6
30.Ra8+ Kg7 31.Rd8 g5 32.g4 Rf6 33.Kg2 Re6 34.Kg3 Rf6 35.Rbb8 Rg6 36.h4 gxh4+
37.Kxh4 Kf6 38.Re8 Rh6+ 39.Kg3 Rh1 40.Kg2 Rh4 41.Re4 d5 42.g5+ Kxg5 43.Rg8+ Kh5
44.Re5+ Kh6 45.Rf5 d4 46.f4 1-0

[Event " HL Men's 64. RUS Chmp. 2011"]
[Site "Taganrog"]
[Date "2011.06.20"]
[Round "6"]
[Board "1"]
[White "Lastin, Alexander"]
[Black "Sek, Konstantin"]
[Result "1/2-1/2"]
[WhiteElo "2617"]
[BlackElo "2432"]
[PlyCount "108"]
[EventDate "2011.06.15"]
[EventRounds "11"]
[EventCountry "RUS"]

1.e4 e5 2.Nf3 Nc6 3.Bb5 a6 4.Ba4 d6 5.Bxc6+ bxc6 6.d4 exd4 7.Nxd4 c5 8.Ne2 Nf6
9.Nbc3 Be7 10.O-O O-O 11.Ng3 Rb8 12.b3 Re8 13.Re1 Ng4 14.h3 Ne5 15.Nd5 Bf8
16.Bb2 c6 17.Ne3 g6 18.f4 Qh4 19.fxe5 Qxg3 20.exd6 Bxh3 21.e5 f6 22.Qd2 Bh6
23.Qf2 Qxf2+ 24.Kxf2 Bd7 25.Nc4 Be6 26.exf6 Bxc4 27.bxc4 Kf7 28.d7 Rxe1 29.Rxe1
Bf8 30.Bc3 Rd8 31.Rb1 Rxd7 32.Ke2 Bd6 33.Rb6 Rc7 34.Rxa6 Rc8 35.Ra7+ Ke6 36.Rxh7
Ra8 37.Rg7 Rxa2 38.Rxg6 Rxc2+ 39.Kd3 Rf2 40.Rg8 Kf7 41.Rg7+ Ke6 42.g4 Bf8 43.Rc7
Rf3+ 44.Kc2 Rg3 45.Rxc6+ Kd7 46.Ra6 Rxg4 47.Kd3 Rg3+ 48.Kc2 Rg2+ 49.Kb3 Rg3
50.Ra1 Bd6 51.Rd1 Ke6 52.Kc2 Rf3 53.Rd3 Rf4 54.Kb3 Bf8 1/2-1/2

[Event " HL Men's 64. RUS Chmp. 2011"]
[Site "Taganrog"]
[Date "2011.06.20"]
[Round "6"]
[Board "1"]
[White "Yemelin, Vasily"]
[Black "Bocharov, Dmitry"]
[Result "0-1"]
[WhiteElo "2584"]
[BlackElo "2580"]
[PlyCount "94"]
[EventDate "2011.06.15"]
[EventRounds "11"]
[EventCountry "RUS"]

1.e4 d6 2.d4 Nf6 3.Bd3 g6 4.Nf3 Bg7 5.O-O O-O 6.Re1 Nc6 7.d5 Nb4 8.Bf1 c6 9.c3
Na6 10.dxc6 bxc6 11.e5 Nd5 12.Na3 dxe5 13.Qa4 Nb8 14.Nxe5 Qc7 15.Nac4 a5 16.Bd2
Bb7 17.Rad1 c5 18.Bc1 e6 19.Nf3 Nd7 20.Na3 Bc6 21.Bb5 N7b6 22.Qh4 a4 23.Bh6 Bb7
24.Bf1 Rad8 25.Nb5 Qe7 26.Qxe7 Nxe7 27.Bg5 Rxd1 28.Rxd1 Nf5 29.Nh4 Nxh4 30.Bxh4
Bd5 31.Be7 Rc8 32.a3 Bf8 33.Bf6 Bb3 34.Rd2 Nd5 35.Be5 Bh6 36.Rd3 f6 37.Bg3 Bc1
38.Nd6 Rc6 39.c4 Nb6 40.Ne4 Bxb2 41.Rd8+ Kg7 42.Bd6 Bxa3 43.Rb8 g5 44.Rb7+ Kg6
45.Bd3 Bxc4 46.Bf8 Bxd3 47.g4 Rc8 0-1

[Event " HL Men's 64. RUS Chmp. 2011"]
[Site "Taganrog"]
[Date "2011.06.20"]
[Round "6"]
[Board "1"]
[White "Vorobiov, Evgeny E"]
[Black "Stukopin, Andrey"]
[Result "1/2-1/2"]
[WhiteElo "2570"]
[BlackElo "2471"]
[PlyCount "83"]
[EventDate "2011.06.15"]
[EventRounds "11"]
[EventCountry "RUS"]

1.d4 c5 2.d5 d6 3.c4 g6 4.e4 e6 5.Nc3 exd5 6.cxd5 Bg7 7.Bd3 a6 8.a4 Ne7 9.Nf3
Bg4 10.h3 Bxf3 11.Qxf3 Nd7 12.Qe2 O-O 13.O-O Ne5 14.Bc2 f5 15.f4 Nf7 16.exf5
Nxf5 17.Bxf5 gxf5 18.Qd3 Qf6 19.Be3 Rae8 20.Rae1 Re7 21.Bf2 Rfe8 22.a5 Rxe1
23.Rxe1 Rxe1+ 24.Bxe1 Qd4+ 25.Qxd4 Bxd4+ 26.Kf1 Nh8 27.Na4 Ng6 28.g3 Ne7 29.Nb6
Bxb2 30.Nc4 Bf6 31.Nxd6 Nxd5 32.Ke2 b5 33.axb6 Nxb6 34.Nxf5 Kf7 35.Ne3 Ke6
36.f5+ Kd6 37.Kd3 h5 38.g4 hxg4 39.hxg4 Bg5 40.Bg3+ Kc6 41.Nc4 Nd7 42.Ne5+ 1/2-1/2

[Event " HL Men's 64. RUS Chmp. 2011"]
[Site "Taganrog"]
[Date "2011.06.20"]
[Round "6"]
[Board "1"]
[White "Airapetian, Gor"]
[Black "Zakhartsov, Viacheslav V"]
[Result "0-1"]
[WhiteElo "2460"]
[BlackElo "2578"]
[PlyCount "90"]
[EventDate "2011.06.15"]
[EventRounds "11"]
[EventCountry "RUS"]

1.d4 Nf6 2.Nf3 g6 3.g3 Bg7 4.Bg2 O-O 5.c4 d5 6.cxd5 Nxd5 7.O-O Nb6 8.Nc3 Nc6
9.d5 Na5 10.Qc2 c6 11.dxc6 Nxc6 12.Rd1 Bf5 13.e4 Bd7 14.Bf4 Rc8 15.Qe2 Qe8 16.h3
Na5 17.Rac1 e5 18.Bd2 Nac4 19.Be1 Bh6 20.Ra1 f6 21.a4 Nxa4 22.Nxa4 Bxa4 23.b3
Bxb3 24.Rdb1 Ba4 25.Rxb7 a6 26.Bb4 Rf7 27.Rxf7 Kxf7 28.Qa2 Bb5 29.h4 Bf8 30.Be1
Kg7 31.h5 g5 32.Bh3 Rc7 33.Bg4 Nd6 34.Nd2 Qf7 35.Qb2 Nc4 36.Nxc4 Qxc4 37.Bf5 Bc5
38.h6+ Kxh6 39.Ba5 Bd4 40.Qa3 Rc5 41.Bb4 Qe2 42.Bxc5 Qxf2+ 43.Kh1 Bf1 44.Bf8+
Kh5 45.g4+ Kh4 0-1

[Event " HL Men's 64. RUS Chmp. 2011"]
[Site "Taganrog"]
[Date "2011.06.20"]
[Round "6"]
[Board "1"]
[White "Balashov, Yuri S"]
[Black "Diu, Viacheslav"]
[Result "0-1"]
[WhiteElo "2426"]
[BlackElo "2475"]
[PlyCount "76"]
[EventDate "2011.06.15"]
[EventRounds "11"]
[EventCountry "RUS"]

1.c4 e5 2.Nc3 Nc6 3.g3 f5 4.Bg2 Nf6 5.d3 Bb4 6.Nf3 O-O 7.O-O Bxc3 8.bxc3 d6
9.Rb1 Qe8 10.c5 dxc5 11.Qb3+ Be6 12.Qb5 b6 13.Ng5 Bd5 14.e4 fxe4 15.dxe4 Bxa2
16.Ra1 Bf7 17.f4 h6 18.Nxf7 Rxf7 19.Qe2 Rd8 20.fxe5 Nd7 21.Bf4 Ndxe5 22.Rad1
Rxd1 23.Rxd1 c4 24.Rd5 Nd3 25.Qd2 Re7 26.Bf1 Nxf4 27.gxf4 Rxe4 28.Rd7 Re7
29.Bxc4+ Kh8 30.Rd5 Qg6+ 31.Kf2 Re8 32.Rd7 Rf8 33.Rxc7 Ne5 34.Ba6 Qg4 35.Rc8
Rxc8 36.Bxc8 Qxc8 37.fxe5 Qf5+ 38.Kg2 Qg5+ 0-1

[Event " HL Men's 64. RUS Chmp. 2011"]
[Site "Taganrog"]
[Date "2011.06.20"]
[Round "6"]
[Board "1"]
[White "Bryzgalin, Kirill"]
[Black "Rodin, Dmitrij"]
[Result "1/2-1/2"]
[WhiteElo "2473"]
[BlackElo "2404"]
[PlyCount "104"]
[EventDate "2011.06.15"]
[EventRounds "11"]
[EventCountry "RUS"]

1.d4 Nf6 2.Nf3 e6 3.Bg5 c5 4.e3 Be7 5.Nbd2 b6 6.Bd3 Bb7 7.O-O Nc6 8.c3 O-O 9.Re1
Rc8 10.Bh4 d6 11.Qe2 Re8 12.Rad1 Qc7 13.a3 h6 14.h3 e5 15.dxc5 dxc5 16.Bg3 Bf8
17.Bb5 Nd7 18.Nc4 a6 19.Rxd7 Qxd7 20.Ncxe5 Qf5 21.Bd3 Qh5 22.Bxa6 Bxa6 23.Qxa6
Nxe5 24.Bxe5 Qg6 25.Bf4 Qe6 26.Qb5 Red8 27.e4 Bd6 28.e5 Bc7 29.Bg3 Rd5 30.c4 Rd3
31.b4 Bd8 32.Kh2 Rxa3 33.Rd1 Be7 34.bxc5 Bxc5 35.Nd4 Bxd4 36.Rxd4 Ra5 37.Qb4
Rac5 38.Rd6 Qxc4 39.Qxc4 Rxc4 40.Rxb6 R8c6 41.Rb7 h5 42.h4 g5 43.Kh3 g4+ 44.Kh2
Rd4 45.Rb5 Re6 46.Ra5 Kg7 47.Rb5 Kg6 48.Rb8 Kg7 49.Rb5 Rc4 50.Ra5 Rc2 51.Rb5 Rc4
52.Ra5 Rc2 1/2-1/2

[Event " HL Men's 64. RUS Chmp. 2011"]
[Site "Taganrog"]
[Date "2011.06.20"]
[Round "6"]
[Board "1"]
[White "Mokshanov, Alexey"]
[Black "Polschikov, Alexey"]
[Result "1-0"]
[WhiteElo "2393"]
[BlackElo "2395"]
[PlyCount "127"]
[EventDate "2011.06.15"]
[EventRounds "11"]
[EventCountry "RUS"]

1.d4 d5 2.c4 c6 3.Nc3 Nf6 4.e3 g6 5.Nf3 Bg7 6.Bd3 O-O 7.O-O Bg4 8.h3 Bxf3 9.Qxf3
e6 10.b3 Nbd7 11.Bb2 Re8 12.Rad1 Qb6 13.e4 dxe4 14.Nxe4 Nxe4 15.Bxe4 Rad8 16.Bb1
a5 17.Rfe1 a4 18.Bc2 axb3 19.axb3 Nb8 20.Qe3 Rd7 21.Rd2 Red8 22.Red1 Na6 23.Bc3
Bf8 24.Ba1 Nb4 25.Bb1 Bg7 26.Bc3 Ra8 27.h4 Na6 28.Bc2 Re8 29.h5 Qd8 30.h6 Bh8
31.Re1 Nc7 32.Qg3 f5 33.Rde2 Kf7 34.b4 Bxd4 35.Bxd4 Rxd4 36.Qe5 Rg8 37.Bb3 Qd6
38.Qxd6 Rxd6 39.c5 Rdd8 40.Rxe6 Nxe6 41.Bxe6+ Kf6 42.Bxg8 Rxg8 43.Rd1 Re8 44.f4
Ke6 45.Re1+ Kd7 46.Rxe8 Kxe8 47.Kf2 Ke7 48.Ke3 Kf6 49.Kd4 g5 50.fxg5+ Kxg5
51.Ke5 f4 52.Kd6 Kg4 53.Ke6 Kg5 54.Ke5 f3 55.gxf3 Kxh6 56.Kf6 Kh5 57.f4 Kg4
58.f5 h5 59.Ke5 h4 60.f6 h3 61.f7 h2 62.f8=Q h1=Q 63.Qf5+ Kg3 64.Qf4+ 1-0

[Event " HL Men's 64. RUS Chmp. 2011"]
[Site "Taganrog"]
[Date "2011.06.20"]
[Round "6"]
[Board "1"]
[White "Shukh, Nikolai"]
[Black "Chuprov, Dmitry"]
[Result "0-1"]
[WhiteElo "2438"]
[BlackElo "2520"]
[PlyCount "104"]
[EventDate "2011.06.15"]
[EventRounds "11"]
[EventCountry "RUS"]

1.e4 e5 2.Nf3 Nc6 3.Bb5 Nf6 4.O-O Nxe4 5.d4 Nd6 6.Bxc6 dxc6 7.dxe5 Nf5 8.Qxd8+
Kxd8 9.Nc3 Bd7 10.Rd1 Kc8 11.Ng5 Be8 12.Nge4 h6 13.b3 b6 14.Bb2 Kb7 15.Rd3 a5
16.a4 Ne7 17.Ne2 c5 18.Nf4 Bc6 19.Ng3 Ng6 20.Nfh5 Re8 21.f4 Nh4 22.Rd2 c4
23.bxc4 Bb4 24.Re2 Rhg8 25.Bd4 Bxg2 26.Rxg2 Nf3+ 27.Kh1 Nxd4 28.Ne4 Nf5 29.c3
Be7 30.Rag1 Rd8 31.Nxg7 Ne3 32.Re2 Nxc4 33.Nf5 Rxg1+ 34.Kxg1 Rd1+ 35.Kg2 Bf8
36.Nd4 Ra1 37.Nf6 Rxa4 38.Nd7 Be7 39.f5 c5 40.f6 Bxf6 41.Nxf6 cxd4 42.cxd4 Ra3
43.Kf2 Rh3 44.Re1 Rxh2+ 45.Kg3 Rd2 46.d5 a4 47.e6 fxe6 48.dxe6 Nd6 49.Re3 Nf5+
50.Kf3 Rd6 51.Ra3 Rxe6 52.Ne4 Nd6 0-1

[Event " HL Men's 64. RUS Chmp. 2011"]
[Site "Taganrog"]
[Date "2011.06.22"]
[Round "7"]
[Board "1"]
[White "Sjugirov, Sanan"]
[Black "Timofeev, Artyom"]
[Result "0-1"]
[WhiteElo "2629"]
[BlackElo "2665"]
[PlyCount "112"]
[EventDate "2011.06.15"]
[EventRounds "11"]
[EventCountry "RUS"]

1.e4 c5 2.Nf3 d6 3.d4 cxd4 4.Nxd4 Nf6 5.Nc3 g6 6.Be3 Bg7 7.f3 Nc6 8.Qd2 O-O
9.O-O-O d5 10.exd5 Nxd5 11.Nxc6 bxc6 12.Bd4 Bxd4 13.Qxd4 Qb6 14.Na4 Qa5 15.b3
Be6 16.g3 Rfd8 17.Qc5 Qc7 18.Re1 Nb6 19.Nc3 a5 20.Rxe6 fxe6 21.Bh3 Nd7 22.Qxe7
Qe5 23.Qxe6+ Qxe6 24.Bxe6+ Kg7 25.Bxd7 Rxd7 26.Re1 g5 27.Re5 h6 28.f4 gxf4
29.gxf4 Rd4 30.Re7+ Kf6 31.Rc7 Rxf4 32.Rxc6+ Kg5 33.a4 Rh4 34.Rc5+ Kg4 35.Nd5
Rxh2 36.Kb2 Kg3 37.Ne3 Kf4 38.Nd5+ Kf3 39.Nb6 Ra6 40.Nc4 h5 41.Nxa5 h4 42.Nc6 h3
43.Rc3+ Kg2 44.Nb4 Ra5 45.Rd3 Rc5 46.Nd5 Kf1 47.Ne3+ Ke1 48.b4 Rc8 49.Kb3 Rd2
50.Rxd2 Kxd2 51.Nf1+ Ke2 52.Nh2 Kf2 53.a5 Kg3 54.Nf1+ Kg2 55.Ne3+ Kg1 56.Ng4 Rg8
0-1

[Event " HL Men's 64. RUS Chmp. 2011"]
[Site "Taganrog"]
[Date "2011.06.22"]
[Round "7"]
[Board "1"]
[White "Zvjaginsev, Vadim"]
[Black "Najer, Evgeniy"]
[Result "1/2-1/2"]
[WhiteElo "2659"]
[BlackElo "2643"]
[PlyCount "91"]
[EventDate "2011.06.15"]
[EventRounds "11"]
[EventCountry "RUS"]

1.e4 c5 2.Nf3 d6 3.d4 cxd4 4.Qxd4 Nc6 5.Bb5 Bd7 6.Bxc6 Bxc6 7.Nc3 Nf6 8.Bg5 e6
9.O-O-O Be7 10.Kb1 O-O 11.h4 Qc7 12.Qd3 b5 13.Nd4 b4 14.Ncb5 Bxb5 15.Nxb5 Qc5
16.Be3 Qc6 17.Bg5 Nxe4 18.Bxe7 Nxf2 19.Qf3 Qxf3 20.gxf3 Rfc8 21.Rhg1 Nxd1 22.Bf6
g6 23.Rxd1 Rc4 24.Nxd6 Rf4 25.Ne4 Rxf3 26.b3 a5 27.a3 bxa3 28.Ka2 h6 29.c4 Re3
30.Nd6 Rf3 31.Ne4 Re3 32.Nd6 Rf3 33.Ba1 Kf8 34.c5 Ra6 35.Nc4 f6 36.Nb6 g5
37.hxg5 hxg5 38.Rc1 Ra7 39.c6 Rc7 40.Na8 Rc8 41.Nb6 Rc7 42.Kxa3 Ke8 43.Na8 Rc8
44.Nb6 Rc7 45.Na8 Rc8 46.Nb6 1/2-1/2